Statistics for Countries that only have one appearance in FIFA World Cup

Click here to take the quiz!

General Stats

  • This quiz has been taken 34 times
  • The average score is 14 of 22

Answer Stats

HintAnswer% Correct
2018CONCACAFPanama
93%
2018UEFAIceland
83%
2006CONCACAFTrinidad and Tobago
83%
1974CONCACAFHaiti
72%
2010UEFASlovakia
72%
2014UEFABosnia and Herzegovina
69%
2002AFCChina
69%
1938CONCACAFCuba
69%
1974CAFDemocratic Republic of the Congo
69%
1998CONCACAFJamaica
69%
1986AFCIraq
66%
2022AFCQatar
66%
2006CAFAngola
59%
1974No longer existEast Germany
55%
1938AFCIndonesia
55%
1982AFCKuwait
55%
2006CAFTogo
55%
1958UEFAWales
55%
2006UEFAUkraine
52%
1990AFCUnited Arab Emirates
52%
1986CONCACAFCanada
45%
1970UEFAIsrael
41%

Score Distribution

Percentile by Number Answered

Percent of People with Each Score

Your Score History

You have not taken this quiz